Povinnosti zamestnávateľa v garančnom poistení

Pri platobnej neschopnosti zamestnávateľa sa nároky zamestnancov z pracovnoprávnych vzťahov a povinnosti voči zamestnancom riešia dávkou garančného poistenia podľa osobitného predpisu. Zákonník práce špecifikuje vzájomné informačné povinnosti jednotlivých subjektov.

Uložené v:
Podrobná bibliografia
Hlavný autor: Kamenistá, Zuzana
Médium: Kapitola
Jazyk:Slovak
Predmet:
Tagy: Pridať tag
Žiadne tagy, Buďte prvý, kto otaguje tento záznam!

MARC

LEADER 00000nla a2200000 4500
001 0168271
005 20220729111749.4
041 0 |a slo 
044 |a SK 
245 1 0 |a Povinnosti zamestnávateľa v garančnom poistení  |c Zuzana Kamenistá 
520 |a Pri platobnej neschopnosti zamestnávateľa sa nároky zamestnancov z pracovnoprávnych vzťahov a povinnosti voči zamestnancom riešia dávkou garančného poistenia podľa osobitného predpisu. Zákonník práce špecifikuje vzájomné informačné povinnosti jednotlivých subjektov. 
610 2 0 |a poistenie sociálne 
610 2 0 |a poistenie garančné 
610 2 0 |a zabezpečenie sociálne 
610 2 0 |a plnenie poistné 
610 2 0 |a zamestnávatelia 
610 2 0 |a vzťahy pracovnoprávne 
610 2 0 |a zákonník práce 
100 1 |a Kamenistá, Zuzana